The American Civil War, (Record no. 552997)

000 -LEADER
fixed length control field 00557cam a22001451 4500
082 ## - DEWEY DECIMAL CLASSIFICATION NUMBER
Classification number 973.7
Author Mark FOR
100 1# - MAIN ENTRY--PERSONAL NAME
Personal name Formby, John.
9 (RLIN) 50039
245 14 - TITLE STATEMENT
Title The American Civil War,
Remainder of title a concise history of its causes, progress, and results,
Statement of responsibility, etc. by John Formby ...
260 ## - PUBLICATION, DISTRIBUTION, ETC.
Place of publication, distribution, etc. New York,
Name of publisher, distributor, etc. Charles Scribner's Sons,
Date of publication, distribution, etc. 1910.
300 ## - PHYSICAL DESCRIPTION
Extent xiii p., 1 l., [xv]-xvii, 520 p.
Accompanying material atlas of 2 p l., 66 maps on 59 fold. pl.
Dimensions 23 cm.
526 ## - STUDY PROGRAM INFORMATION NOTE
Program name 0
Interest level 0
Reading level 0
Title point value 973_700000000000000_FOR
650 ## - SUBJECT ADDED ENTRY--TOPICAL TERM
Topical term or geographic name entry element MCE
9 (RLIN) 379
856 41 - ELECTRONIC LOCATION AND ACCESS
Uniform Resource Identifier <a href="http://hdl.loc.gov/loc.gdc/scd0001.00019554806">http://hdl.loc.gov/loc.gdc/scd0001.00019554806</a>
942 ## - ADDED ENTRY ELEMENTS (KOHA)
Source of classification or shelving scheme
Koha item type Book
Holdings
Withdrawn status Lost status Source of classification or shelving scheme Damaged status Not for loan Permanent Location Current Location Shelving location Date acquired Total Checkouts Full call number Barcode Date last seen Price effective from Koha item type
          Military College of Engineering (MCE) Military College of Engineering (MCE)   01/28/2015   973.7 FOR MCE-ECA/17 01/28/2015 01/28/2015 Book
© 2023 Central Library, National University of Sciences and Technology. All Rights Reserved.